00438pab a2200145 454500008004000000100001600040245009800056260000900154300001400163362000800177650004500185650002000230700002400250773001800274180718b2009 xxu||||| |||| 00| 0 eng d aNeelima, A. aPeople's perspectives on health care services in rural Andhra Pradesh: an epidemiologic study c2009 ap.257-69. aJun aHealth services - India - Andhra Pradesh aHealth services aReddy, A. Sudarshan aSocial Change